| 000 | 00366nam a22001457a 4500 | ||
|---|---|---|---|
| 003 | SGT | ||
| 020 | _a9781118275023 | ||
| 082 |
_a616.0757 _bL15F |
||
| 100 | _aFreitas, Patricia M. | ||
| 245 |
_aLasers in Dentistry _bGuide for Clinical Practice |
||
| 260 |
_bWiley Blackwell _c2015 |
||
| 300 | _a358 | ||
| 650 | _aOral and Maxillofacial radiology | ||
| 942 |
_2ddc _cBK |
||
| 999 |
_c26869 _d26869 |
||